00785nam a2200181 i 450000100060000000300090000600500170001500700030003200800410003510000400007624500570011625002210017326000310039430000430042570000300046870000800049885200250057840314ES-MaACL20250620063012.0t|030305s1895 sp ||||1| spa d1 aCarrillo Lasso, Alonso, d1582-162810aCaballeriza de Córdoba / cAlfonso Carrillo Lasso. a[2ª ed. Publicala el Excmº Señor Marqués de Xerez de los Caballeros... [Sumario... Varias palabras... Reproducción de la edición principe... Equitación. Apuntes bibliograficos por D. José Maria Nogues]. aMadrid : b[s.n.], c1895. aX p., 3 h., 27, 46 p., 1 h. ; c24 cm.1 aNogués, José María.1 aPérez de Guzmán y Boza, Manuel, cMarqués de Jerez de los Caballeros. aES-MaACLjT-957-F-11